| 000 | 00549cam a2200181 4500 | ||
|---|---|---|---|
| 001 | D13343 | ||
| 008 | 970304 1883 xxk f 001 0 engd | ||
| 035 | _a(Sirsi) u9111 | ||
| 041 | 0 | _aeng | |
| 050 | 0 | 4 | _a333.332 $2 18 |
| 100 | 1 | _aMacGregor, J. L. L. | |
| 245 | 0 | 4 | _aThe organization and valuation of forests, on the continental system in theory and practice |
| 260 |
_aLondon _bWyman _c1883 |
||
| 651 | 4 |
_aUnited Kingdom _y |
|
| 690 | _aENVIRONMENTAL AND LAND CONSULTANCY-FORESTRY AND WOODLAND MANAGEMENT | ||
| 942 | _n0 | ||
| 948 | _c04/03/1997 | ||
| 999 |
_c86602 _d86602 |
||